Oxford illustrated encyclopedia: Vol.5 - The arts

The book describes and illustrates the artistic archivement of all the main civilizations of the world from their first beginnings to the present day

Shranjeno v:
Bibliografske podrobnosti
Format: Knjiga
Jezik:Undetermined
Izdano: New York Oxford Univ. Press 1993
Teme:
Oznake: Označite
Brez oznak, prvi označite!
Thư viện lưu trữ: Trung tâm Học liệu Trường Đại học Cần Thơ
LEADER 00620nam a2200169Ia 4500
001 CTU_18245
008 210402s9999 xx 000 0 und d
082 |a 032 
082 |b O.98/Vol.5 
245 0 |a Oxford illustrated encyclopedia: Vol.5 - The arts 
260 |a New York 
260 |b Oxford Univ. Press 
260 |c 1993 
520 |a The book describes and illustrates the artistic archivement of all the main civilizations of the world from their first beginnings to the present day 
650 |a encyclopedias and dictionaries 
904 |i Minh, 970820 
980 |a Trung tâm Học liệu Trường Đại học Cần Thơ